Marketing and financial statistics 1990-1991

Saved in:
Bibliographic Details
Corporate Author: Chile (Author)
Format: Book
Language:Spanish
English
Published: Santiago Time-América Económica 1990
Subjects:
Tags: Add Tag
No Tags, Be the first to tag this record!

MARC

LEADER 00000nam a2200000 a 4500
001 UCV5055
003 CL-VaPUC
008 920514e19900000CL |||||||||||||||||spa|d
041 0 7 |a spa  |2 CL-VaPUC 
041 0 7 |a eng  |2 CL-VaPUC 
082 0 4 |a 338.983  |b CHI  |2 21 
110 2 |a Chile  |e author  |9 299307 
245 1 0 |a Marketing and financial statistics 1990-1991 
300 |a 168 p 
942 |c BK 
945 |d 19920514 00:00:00 
260 |a Santiago  |b Time-América Económica  |c 1990 
500 |a Contiene aparte un volúmen de actualización 
650 0 |a Economía social de mercado  |9 258280 
650 0 |a Política económica   |9 255029 
650 0 |a Estadísticas  |9 258644 
650 0 |a Comercio  |9 255341 
651 7 |a CHILE  |2 CL-VaPUC  |9 299308 
583 |a last modification  |c 19920514 00:00:00  |k Rodrigo Vera 
999 |c 211656  |d 211654 
952 |0 0  |1 0  |4 0  |6 338_983000000000000_CHI_1990  |7 0  |8 F  |9 191490  |a BIBENE  |b BIBENE  |d 2019-11-14  |i 2905515  |o 338.983 CHI 1990  |p 2905515  |r 2025-01-15  |w 2019-11-14  |y BK_F  |k ICO